| 000 | 00358 a2200145 4500 | ||
|---|---|---|---|
| 999 |
_c5854 _d5854 |
||
| 020 | _a079861255x | ||
| 050 | _aPL8745 CHA 1983 | ||
| 100 | _aChauke, W.R. | ||
| 245 |
_aNdzi ta n'wi kuma / _cW.R Chauke |
||
| 264 |
_aPretoria: _bDe Jager- HAUM, _c1983 |
||
| 300 | _a105p.: | ||
| 500 | _aIn Tsonga | ||
| 650 |
_aFiction _xTsonga |
||
| 942 |
_2lcc _cBK _h8745 _iCHA _kPL |
||